Diagnostika postižení drobných mozkových tepen pomocí barevné transkraniální sonografie hodnocením rezistenčního indexu

Bibliographic Details
Main Authors: Školoudík, D. (Author), Václavík, D. (Author)
Format: Article
Language:Czech

MARC

LEADER 00000nab a2200000uu 4500
001 vtls011145433
003 SK-MaSNL
005 20260303130146.0
008 230218|2004 xo |||||||||||||||||cze|
015 |a SNBRB 
035 |a (urnnbn)urn:nbn:sk:snk:ar-008jf3 
035 |a (uuid)14ebf5c2-c172-4bf2-83ec-8a01a44b9736 
035 |a urn:nbn:sk:snk-abaw8a 
040 |a SNKBUCL  |b slo  |c SNKBUCL  |e AACR2 
041 0 |a cze 
044 |a xo  |c SK 
100 1 |a Školoudík, D.  |4 aut  |9 839807 
245 1 0 |a Diagnostika postižení drobných mozkových tepen pomocí barevné transkraniální sonografie hodnocením rezistenčního indexu  |c D. Školoudík, D. Václavík 
700 1 |a Václavík, D.  |4 aut  |9 839808 
773 0 |t Česká a slovenská neurologie a neurochirurgie : časopis českých a slovenských neurologů a neurochirurgů  |g Roč. 67(100), č. 2 (2004), s. 99-103 
954 |a odborná, vedecká literatúra cudzojazyčná (svetová)  |2 lita 
958 |a OND 
958 |a EUIPO 
958 |a article14 
999 |c 1938721  |d 1940651